01389nam a2200241Ia 4500001001100000003001000011008004100021040002500062041001300087100002800100245004900128250001100177260006600188300002800254500026000282501011400542520026000656650001300916942000700929957000600936999004300942952016200985L330-23880IT-CnALBA170116s9999||||xx |||||||||||||| ||und|| aIT-CnALBAcIT-CnALBA aITALIANO aTONIOLO GIUSEPPE, PROF. 0aTRATTATO DI ECONOMIA SOCIALE. INTRODUZIONE.  a2a ed. a FIRENZEbFIORENTINA LIBRERIA EDITRICE c1915 [1° Ed.: n.d.] a410 p. (prefazione: 18) aECONOMIA SOCIALE STORIA PREMESSE. NOZIONI IMPORTANZA DEFINIZIONE CARATTERI. RELAZIONI METODO. CULTURA PAGANA ORIENTALE. GRECIA E ROMA. CULTURA CRISTIANA MEDIOEVALE. UMANESIMO E RIFORMA. TRATTAZIONE EMPIRICO SISTEMATICA. ECONOMIA INDIVIDUALISTA FISIOCRATIC aSocietà San Paolo EM - Piazza San Paolo, 14 - 12051 ALBA (CN) (non commercial uses only) ® Copyright 2017 aECONOMIA SOCIALE STORIA PREMESSE. NOZIONI IMPORTANZA DEFINIZIONE CARATTERI. RELAZIONI METODO. CULTURA PAGANA ORIENTALE. GRECIA E ROMA. CULTURA CRISTIANA MEDIOEVALE. UMANESIMO E RIFORMA. TRATTAZIONE EMPIRICO SISTEMATICA. ECONOMIA INDIVIDUALISTA FISIOCRATIC aECONOMIA cBK 71 a28627bSI g Copie: 1 c282983d282983 0010406L_3302388071aALBAbALBAd2017-01-16l0oL330-23880r2017-01-16 00:00:00w2017-01-16yBKz(data import: 16 gennaio 2017) - By Epidotti, Vaglietti.